[Event "POL-chT3 Dolnoslaskie 1415"]
[Site "Poland"]
[Date "2014.10.26"]
[Round "1.23"]
[White "Gromczak, Dariusz"]
[Black "Wasielewski, Sebastian"]
[Result "1-0"]
[WhiteElo "2005"]
[BlackElo "1615"]
[PlyCount "55"]
[EventDate "2014.10.26"]
[EventType "team-tourn"]
[EventRounds "11"]
[EventCountry "POL"]
[SourceTitle "EXT 2018"]
[Source "ChessBase"]
[SourceDate "2017.10.13"]
[SourceVersion "1"]
[SourceVersionDate "2017.10.13"]
[SourceQuality "1"]
[WhiteTeam "Radkow Giecek"]
[BlackTeam "Wroclaw MUKS MDK Fabryczna"]
[WhiteTeamCountry "POL"]
[BlackTeamCountry "POL"]

1. e4 e5 2. Nf3 Nc6 3. d4 exd4 4. Nxd4 Bc5 5. Be3 Nxd4 6. Bxd4 Bxd4 7. Qxd4 Qf6 8. e5 Qg5 9. f4 Qg4 10. Nc3 Ne7 11. Bd3 Nc6 12. Qe4 b6 13. Nb5 Kd8 14. Be2 Qg6 15. Qc4 a6 16. Nd4 Nxd4 17. Qxd4 Qxc2 18. Bf3 Ra7 19. 0-0 Qc5 20. Qxc5 bxc5 21. Rfd1 Ke7 22. Rd5 d6 23. exd6+ cxd6 24. Re1+ Be6 25. f5 Rb8 26. fxe6 fxe6 27. Bg4 Rd8 28. Bxe6 1-0

[Event "Polanica Zdroj op-B 46th"]
[Site "Polanica Zdroj"]
[Date "2010.08.22"]
[Round "5"]
[White "Dzieczkaniec, Wieslaw"]
[Black "Wasielewski, Sebastian"]
[Result "1-0"]
[WhiteElo "1905"]
[BlackElo "1680"]
[PlyCount "35"]
[EventDate "2010.08.18"]
[EventType "swiss"]
[EventRounds "9"]
[EventCountry "POL"]
[SourceTitle "CBM 138 Extra"]
[Source "ChessBase"]
[SourceDate "2010.10.29"]
[SourceVersion "1"]
[SourceVersionDate "2010.10.29"]
[SourceQuality "1"]

1. d4 d5 2. c4 dxc4 3. Nc3 Nf6 4. e4 e5 5. d5 a6 6. Bxc4 b5 7. Bd3 h6 8. Nf3 Bd6 9. Qe2 0-0 10. h3 Bb7 11. Be3 c6 12. dxc6 Nxc6 13. Rd1 Qe7 14. 0-0 Nb4 15. Bb1 Bc5 16. a3 Bxe3 17. Qxe3 Nc6 18. Nd5 1-0

[Event "Gdansk op 12th "]
[Site "Gdansk"]
[Date "2010.07.21"]
[Round "6"]
[White "Renkowski, Piotr"]
[Black "Wasielewski, Sebastian"]
[Result "1-0"]
[WhiteElo "1931"]
[BlackElo "1680"]
[PlyCount "31"]
[EventDate "2010.07.17"]
[EventType "swiss"]
[EventRounds "9"]
[EventCountry "POL"]
[SourceTitle "EXT 2011"]
[Source "ChessBase"]
[SourceDate "2010.11.26"]
[SourceVersion "1"]
[SourceVersionDate "2010.11.26"]
[SourceQuality "1"]

1. e4 d5 2. exd5 Qxd5 3. Nc3 Qd6 4. Nf3 Nf6 5. Bc4 c6 6. d3 Bg4 7. Qe2 Nbd7 8. Bg5 Ne5 9. Qxe5 Bxf3 10. Qxd6 exd6 11. gxf3 Nd7 12. d4 d5 13. Bd3 f6 14. Bd2 Bd6 15. 0-0-0 g6 16. Rde1+ 1-0

[Event "Wroclaw Oct op"]
[Site "Wroclaw"]
[Date "2010.??.??"]
[Round "3"]
[White "Wasielewski, Sebastian"]
[Black "Barburzynska, Magdalena"]
[Result "0-1"]
[WhiteElo "1673"]
[BlackElo "1945"]
[PlyCount "120"]
[EventDate "2010.10.22"]
[EventType "swiss"]
[EventRounds "5"]
[EventCountry "POL"]
[SourceTitle "EXT 2011"]
[Source "ChessBase"]
[SourceDate "2010.11.26"]
[SourceVersion "1"]
[SourceVersionDate "2010.11.26"]
[SourceQuality "1"]

1. d4 g6 2. Nf3 Bg7 3. c4 d6 4. e4 Nd7 5. Be2 e5 6. d5 Ngf6 7. Nc3 0-0 8. 0-0 a5 9. h3 Nc5 10. Be3 Nfxe4 11. Qc2 Nxc3 12. bxc3 Bf5 13. Qc1 b6 14. Bh6 Nd3 15. Qe3 Nf4 16. Bxf4 exf4 17. Qxf4 Re8 18. Qd2 Be4 19. Nd4 Bxd4 20. cxd4 Qf6 21. Bg4 Rad8 22. Rac1 Re7 23. Bd1 Bf5 24. Ba4 Re4 25. Rfd1 Bd7 26. Bxd7 Rxd7 27. f3 Re8 28. Re1 Rde7 29. Rxe7 Qxe7 30. Kf1 Qd7 31. Qc2 Re3 32. Re1 Qe8 33. Re2 Kg7 34. Kf2 Rxe2+ 35. Qxe2 Qa4 36. Kg3 Qb4 37. h4 Qc3 38. h5 Qxd4 39. f4 a4 40. Qe7 Qc3+ 41. Kg4 gxh5+ 42. Kxh5 Qc2 43. Qxc7 Qf5+ 44. Kh4 Qxf4+ 45. Kh3 Qe3+ 46. g3 Qc5 47. Qe7 h6 48. g4 Qxc4 49. Qxd6 Qc3+ 50. Kg2 Qd2+ 51. Kf3 Qd3+ 52. Kg2 Qe2+ 53. Kh3 b5 54. Qf4 Qd3+ 55. Kh4 Qxd5 56. a3 Qg5+ 57. Qxg5+ hxg5+ 58. Kxg5 b4 59. axb4 a3 60. b5 a2 0-1